000 01455nam0a22003131 4500
001 rc\2140014
005 20260407083510.0
035 _a(NLR Aleph) 006526684
090 _a6488956
_c6488956
100 _a20110826d1979 |||y0rusy50 ca
101 0 _arus
102 _aRU
105 _ay z |||||
200 1 _aКриотерапия хронических неспецифических эрозий и язв слизистой оболочки полости рта и губ
_e(Метод. рекомендации)
_fМ-во здравоохранения СССР, Гл. урп. лечеб.-профилакт. помощи
_g[Сост. В.А. Никитин, Р.В. Точиловская]
210 _aМосква
_cБ. и.
_d1979
215 _a10 с.
_d20
606 _aГубы
_xЯзвы
_xЛечение холодом
_2psbo
606 _aРотовая полость
_xСлизистая оболочка
_xЯзвы
_xЛечение холодом
_2psbo
686 _aР665.622.046-544я8
_2rubbk
686 _aР665.624.046-544я8
_2rubbk
702 1 _aТочиловская
_bР.В.
_4220
702 1 _aНикитин
_bВ.А.
_4220
712 0 1 _aСССР
_bГлавное управление лечебно-профилактической помощи
_3RU\NLR\AUTH\8810569
_9293726
801 0 _aRU
_bNLR
_gpsbo
801 1 _aRU
_bELAR
_2rusmarc
852 _aNLR
_j79-4/21596
899 _aRuMoRGB
_jM 79-18/568
942 _cBOOK
980 _aNB